00685nam a2200193 a 450000100100000000500170001000800410002704000250006808200160009311000320010924000170014124500840015825000160024226000710025830000220032904900090035195201140036099900170047400003273420200930065812.0100222s1928 dr 001 0 spa d aDO-SdBNPbspacBNPHU axxxxbR426l1 aRepública Dominicana944713a[Leyes etc.]10aLey sobre armas de fuego, rifles de aires comprimido, municiones y fulminantes. aed. oficial aSanto Domingo :bImprenta de J. R. Vda García, Sucesores,c1928. a16 p. : ;c24 cm. aBNPD 0010718PDaPDbPDcCTd2011-07-25iLF1l0oxxxx R426lp32734-10r2020-06-25w2020-06-25yLFPDZNo se presta c32225d32225